000 00752nam a22002297a 4500
999 _c14155
_d14155
003 AR-CdUCM
008 190422b ||||| |||| 00| 0 spa d
040 _aMUNICIPALIDAD PROVINCIAL DEL CUSCO
_cBIBLIOTECA MUNICIPAL DEL CUSCO
041 _heng
082 _aPI / 376.1 /
_bN54
110 _aViacom International Inc.
_932821
245 _aNickelodeon Paw Patrol :
_bLa gran carrera /
260 _aMéxico :
_bSilver Dolphin,
_c2016.
300 _bilustraciones,
_c17 cm.
440 _aMi pequeña biblioteca.
_932773
650 _aEducación
_9460
650 _aLiteratura infantil
_9588
650 _aCuentos infantiles
_93927
700 _aPuente Montelongo, Elizabeth (traducción)
_932822
942 _2ddc
_cLIBROS
945 _aachl
_d2019-04-22